World Capitals Within 1000km Quiz Stats

 Plays Quiz Updated Oct 25, 2018

Challenge
Share
Tweet
Embed
Score 0/197 Timer 05:00
14 Plays Today
Capital % Correct
Luxembourg
98.6%
Vaduz
98.5%
Berlin
98.5%
Bern
98.4%
Amsterdam
98.3%
Brussels
98.1%
Paris
97.7%
Prague
97.6%
Ljubljana
97.5%
London
97.5%
San Marino
97.4%
Copenhagen
97.4%
Monaco
97.2%
Riga
97.1%
Minsk
97%
Vilnius
97%
Bratislava
96.5%
Andorra la Vella
96.4%
Vienna
96.4%
Belgrade
96.3%
Budapest
96.2%
Helsinki
95.7%
Tallinn
95.7%
Zagreb
95.6%
Sarajevo
95%
Rome
94.7%
Skopje
94.4%
Kyiv
94.3%
Sofia
94.3%
Podgorica
94.1%
Dublin
94%
Tirane
94%
Pristina
93.8%
Vatican City
93.6%
Moscow
93.4%
Warsaw
93.3%
Nicosia
92.5%
Stockholm
92.3%
Washington DC
92.2%
Ottawa
92.1%
Algiers
91.9%
Valletta
91.7%
Bucharest
91.2%
Amman
91.2%
Beirut
91.2%
Damascus
91.2%
Jerusalem
91.2%
Oslo
90.9%
Ramallah
90.7%
Tunis
89.3%
Ankara
88.2%
Cairo
87.4%
Chisinau
87.1%
Seoul
86.2%
Beijing
86.2%
Pyongyang
86.2%
Athens
85.6%
Baghdad
85.5%
Madrid
85.2%
Rabat
83.7%
Tripoli
82.8%
Lisbon
80.6%
Mexico City*
78.9%
Kuwait
78.7%
Islamabad
77.5%
Tehran
75.6%
Capital % Correct
Tokyo*
75.6%
Belmopan
75.4%
Gaborone
74.7%
Harare
74.5%
Manama
74%
Maputo
73.8%
Mbabane
73.7%
Pretoria
73.8%
Baku
73.5%
Managua
73.4%
San Jose
73.4%
Kingston
73.2%
T'bilisi
72.5%
Yerevan
72.5%
Brasilia*
72.5%
Riyadh
72.5%
Nassau
72.2%
New Delhi
71.8%
Maseru
71.8%
Bogotá
71.7%
Havana
71.3%
Canberra*
71.3%
Santo Domingo
70.7%
Kathmandu
70.4%
Panama
70.1%
Buenos Aires
69.8%
Montevideo
69.8%
Bridgetown
67.3%
Port-of-Spain
67.3%
St. George's
66.5%
Castries
66.2%
Kingstown
66.1%
Vientiane
65.9%
Dushanbe
65.6%
Caracas
65.1%
Roseau
65.1%
St. John's
65.1%
Basseterre
64.7%
Singapore
64.7%
Abu Dhabi
64.6%
Doha
64.6%
Guatemala City
64.5%
Juba
64.4%
San Salvador
64.4%
Tegucigalpa
64.4%
Tashkent
63.9%
Wellington*
62.2%
Ashgabat
61.4%
Jakarta
61.3%
Kabul
61.2%
Phnom Penh
61.2%
Naypyidaw
60.8%
Quito
60.4%
Port-au-Prince
60.3%
Bujumbura
60.1%
Kampala
60.1%
Kigali
60.1%
Nairobi
60.1%
Addis Ababa
60%
Dodoma
58.7%
Lima*
58.7%
Yamoussoukro
58%
Asmara
57.7%
Bangkok
56.8%
Santiago*
56.7%
Bissau
56%
Capital % Correct
Conakry
55.4%
Freetown
55%
Yaounde
54.9%
Accra
53.9%
Lome
53.9%
Porto-Novo
53.9%
Malabo
53.7%
Banjul
53%
Abuja
52.8%
Djibouti
52.8%
Sanaa
52.8%
Kuala Lumpur
52.7%
Niamey
51.6%
Brazzaville
51.6%
Dakar
51.3%
Georgetown
51.2%
Bishkek
50.7%
Bamako
50.2%
Kinshasa
50.2%
Ouagadougou
49.6%
Libreville
49.4%
Masqat
49%
Sao Tome
48.8%
Khartoum
47.9%
Luanda
46.8%
Monrovia
46.4%
Paramaribo
46.4%
Nouakchott
45.4%
Dhaka
44.7%
Praia
44.3%
Thimphu
43.8%
Hanoi
43.6%
Reykjavik*
42.8%
Astana
41.9%
Lilongwe
40.8%
Manila*
40.5%
La Paz*
39.8%
N'Djamena
38.2%
Lusaka
37.5%
Colombo (Sri J Kotte)
37.5%
Male
37.5%
Bangui
36.6%
Nuku'alofa
36.5%
Suva
32%
Asuncion*
30.1%
Antananarivo
29.8%
Moroni
29.8%
Windhoek
29.6%
Ulaanbaatar*
29.2%
Taipei*
29.1%
Apia
27.7%
Port Moresby*
27.4%
Mogadishu*
25.4%
Dili*
24.7%
Majuro
24.5%
Tarawa
24.5%
Yaren
24.5%
Victoria*
23.8%
Port Louis*
20.1%
Funafuti*
19%
Honiara*
17.5%
Port-Vila*
17.5%
Bandar Seri Begawan*
16.3%
Palikir*
15.4%
Ngerulmud
15.3%

You're not logged in!

Compare scores with friends on all Sporcle quizzes.
OR
Log In

You Might Also Like...

Show Comments

Extras

Top Quizzes Today


Score Distribution

Your Account Isn't Verified!

In order to create a playlist on Sporcle, you need to verify the email address you used during registration. Go to your Sporcle Settings to finish the process.

Report this User

Report this user for behavior that violates our Community Guidelines.

Details: